Luka di sudut hati

Bibliographic Details
Main Author: W.S Uzala
Format: Book
Published: Selangor : Penerbitan PCT , 2004
Series:Siri karenah dunia remaja
Subjects:

MARC

LEADER 00000cam a2200000 7i4500
001 0000001416
005 20160330.0
008 070705
020 |a 9832807093 
090 0 0 |a WSU   |b MAL 
100 0 |a W.S Uzala 
245 1 0 |a Luka di sudut hati   |c W.S Uzala 
260 |a Selangor :   |b Penerbitan PCT ,   |c 2004 
440 0 |a Siri karenah dunia remaja 
500 |a Teenager ages 13-18 years old (blue) 
650 0 |a Malay fiction 
999 |a 0000955717   |b Book   |c Teenagers   |e Perbadanan Perpustakaan Awam Johor